Эффективные технологические процессы метизного производства: тематический отраслевой сборник

ग्रंथसूची विवरण
अन्य लेखक: Недовизий И. Н. Иван Николаевич (редактор)
भाषा:रूसी
प्रकाशित: Москва, Металлургия, 1984
विषय:
स्वरूप: पुस्तक
KOHA link:https://koha.lib.tpu.ru/cgi-bin/koha/opac-detail.pl?biblionumber=297619

MARC

LEADER 00000nam0a2200000 4500
001 297619
005 20231102001027.0
020 |a RU  |b 84-34312 
035 |a (RuTPU)RU\TPU\book\322753 
090 |a 297619 
100 |a 20150609d1984 km y0rusy5003 ca 
101 0 |a rus 
102 |a RU 
105 |a a z 001zy 
200 1 |a Эффективные технологические процессы метизного производства  |e тематический отраслевой сборник  |f под ред. И. Н. Недовизного 
210 |a Москва  |c Металлургия  |d 1984 
215 |a 71 с.  |c ил. 
320 |a Библиогр. в конце ст. 
606 1 |a Метизное производство  |x Техническое нормирование  |2 stltpush  |3 (RuTPU)RU\TPU\subj\43465  |9 62964 
610 1 |a экономическая эффективность 
610 1 |a металлоизделия 
610 1 |a проволока 
610 1 |a безотходные технологии 
610 1 |a штамповка 
610 1 |a крепежные изделия 
610 1 |a защитные покрытия 
610 1 |a нанесение 
610 1 |a проволочные канаты 
675 |a 621.778.8  |z rus  |v 3 
702 1 |a Недовизий  |b И. Н.  |g Иван Николаевич  |4 340 
801 0 |a RU  |b RuMRKP  |c 19950704  |g psbo 
801 1 |a RU  |b 63413507  |c 20150609 
801 2 |a RU  |b 63413507  |c 20190304  |g RCR 
942 |c BK